Statistics for Father & Son International Footballers

Click here to take the quiz!

General Stats

  • This quiz has been taken 57 times
  • The average score is 41 of 128

Answer Stats

Answer% Correct
Kasper Schmeichel
100%
Peter Schmeichel
95%
Cesare Maldini
83%
Paolo Maldini
83%
Gheorghe Hagi
79%
Ianis Hagi
79%
Lilian Thuram
69%
Marcus Thuram
69%
Brian Laudrup
62%
Finn Laudrup
62%
Michael Laudrup
62%
Pierre-Emerick Aubameyang
62%
George Weah
60%
Javier "Chicharito" Hernández
60%
Javier Hernández
60%
Timothy Weah
60%
Alf-Inge Haaland
57%
André Ayew
57%
Erling Haaland
57%
Henrik Larsson
57%
Ibrahim Ayew
57%
Jordan Ayew
57%
Jordan Larsson
57%
Jordan Lukaku
57%
Justin Kluivert
57%
Patrick Kluivert
57%
Pierre Aubameyang
57%
Roger Lukaku
57%
Romelu Lukaku
57%
Abédi Pelé
50%
Diego Forlán
50%
Pablo Forlán
50%
Claudio Reyna
48%
Daley Blind
48%
Danny Blind
48%
Giovanni Reyna
48%
Jari Litmanen
48%
Olavi Litmanen
48%
Frank Lampard
45%
Hamlet Mkhitaryan
45%
Henrikh Mkhitaryan
45%
Foto Strakosha
40%
Leroy Sané
40%
Souleyman Sané
40%
Thiago Alcântara
40%
Thomas Strakosha
40%
Diego Simeone
38%
Giovanni Simeone
38%
Ian Wright
36%
Johan Cruyff
36%
Enrico Chiesa
33%
Federico Chiesa
33%
Jerry de Jong
33%
Jordi Cruyff
33%
Maciej Szczesny
33%
Nigel de Jong
33%
Periko Alonso
33%
Rafinha
33%
Wojciech Szczesny
33%
Xabi Alonso
33%
Arnór Gudjohnsen
31%
Eidur Gudjohnsen
31%
Erwin Koeman
26%
Martin Koeman
26%
Ronald Koeman
26%
Shaun Wright-Phillips
26%
Miguel Reina
21%
Pepe Reina
21%
Youri Djorkaeff
21%
Divock Origi
17%
Herfried Sabitzer
17%
Jean Djorkaeff
17%
Juan Ramón Verón
17%
Juan Sebastián Verón
17%
Marcel Sabitzer
17%
Mark Chamberlain
17%
Mazinho
17%
Mike Origi
17%
Djibril Cissé
14%
Mangué Cissé
14%
Pierre-Albert Chapuisat
14%
Stéphane Chapuisat
14%
Alex Oxlade-Chamberlain
12%
Georgios Samaras
12%
Giannis Samaras
12%
Brian Clough
10%
Denis Cheryshev
10%
Dmitri Cheryshev
10%
Flórián Albert
10%
Flórián Albert Jr.
10%
Luka Zahovic
10%
Nigel Clough
10%
Niko Kranjčar
10%
Sandro Mazzola
10%
Valentino Mazzola
10%
Zlatko Kranjčar
10%
Zlatko Zahovic
10%
Franck Songo'o
7%
Jacques Songo'o
7%
Leo Lainer
7%
Stefan Lainer
7%
Anders Linderoth
5%
Archie Gemmill
5%
Gunnar Nordahl
5%
Klaus Sammer
5%
Manolo Sanchís
5%
Manuel Sanchís
5%
Matthias Sammer
5%
Scot Gemmill
5%
Thomas Nordahl
5%
Tobias Linderoth
5%
Domingos Paciência
2%
Gonçalo Paciência
2%
Julio Montero
2%
Odd Iversen
2%
Oliver Bozanic
2%
Paolo Montero
2%
Ronnie Whelan
2%
Steffen Iversen
2%
Vic Bozanic
2%

Score Distribution

Percentile by Number Answered

Percent of People with Each Score

Your Score History

You have not taken this quiz